Statistiques concernant Villes françaises commençant par B

Cliquez ici pour prendre le quiz!

Statistiques générales

  • Ce quiz a été pris 320 fois
  • Le résultat moyen est 4 sur 9

Statistiques - réponses

Réponse% Correct
Bordeaux
90%
Brest
74%
Besançon
62%
Boulogne-Billancourt
42%
Bourges
42%
Béziers
35%
Beauvais
33%
Bobigny
22%
Bondy
14%

Distribution des résultats

Percentile par nombre de réponses

% des personnes avec chaque résultat

Votre développement - résultats

Vous n’avez pas pris ce quiz